Business analysis & valuation : (Record no. 4144)

000 -LEADER
fixed length control field 01487pam a2200337 a 4500
001 - CONTROL NUMBER
control field 2560814
005 - DATE AND TIME OF LATEST TRANSACTION
control field 20190523113642.0
008 - FIXED-LENGTH DATA ELEMENTS--GENERAL INFORMATION
fixed length control field 950801s1996 ohua b 000 0 eng
010 ## - LIBRARY OF CONGRESS CONTROL NUMBER
LC control number 95024971
020 ## - INTERNATIONAL STANDARD BOOK NUMBER
International Standard Book Number 0538843322
040 ## - CATALOGING SOURCE
Original cataloging agency DLC
Transcribing agency DLC
Modifying agency DLC
050 00 - LIBRARY OF CONGRESS CALL NUMBER
Classification number HF5681.V3
Item number P3 1996
082 00 - DEWEY DECIMAL CLASSIFICATION NUMBER
Classification number 658.15
Edition number 20
100 1# - MAIN ENTRY--PERSONAL NAME
Personal name Palepu, Krishna G.,
Dates associated with a name 1954-
245 10 - TITLE STATEMENT
Title Business analysis & valuation :
Remainder of title using financial statements : text & cases /
Statement of responsibility, etc Krishna G. Palepu, Victor L. Bernard, Paul M. Healy.
246 3# - VARYING FORM OF TITLE
Title proper/short title Business analysis and valuation
260 ## - PUBLICATION, DISTRIBUTION, ETC. (IMPRINT)
Place of publication, distribution, etc Cincinnati, Ohio :
Name of publisher, distributor, etc South-Western college Pub.,
Date of publication, distribution, etc c1996.
300 ## - PHYSICAL DESCRIPTION
Extent 1 v. (various pagings) :
Other physical details ill. (some col.) ;
Dimensions 24 cm.
504 ## - BIBLIOGRAPHY, ETC. NOTE
Bibliography, etc Includes bibliographical references.
650 #0 - SUBJECT ADDED ENTRY--TOPICAL TERM
Topical term or geographic name as entry element Business enterprises
General subdivision Valuation.
650 #0 - SUBJECT ADDED ENTRY--TOPICAL TERM
Topical term or geographic name as entry element Financial statements.
650 #0 - SUBJECT ADDED ENTRY--TOPICAL TERM
Topical term or geographic name as entry element Business enterprises
General subdivision Valuation
-- Case studies.
700 1# - ADDED ENTRY--PERSONAL NAME
Personal name Bernard, Victor L.
Fuller form of name (Victor Lewis),
Dates associated with a name 1952-
700 1# - ADDED ENTRY--PERSONAL NAME
Personal name Healy, Paul M.
856 42 - ELECTRONIC LOCATION AND ACCESS
Materials specified Contributor biographical information
Uniform Resource Identifier <a href="http://www.loc.gov/catdir/enhancements/fy1514/95024971-b.html">http://www.loc.gov/catdir/enhancements/fy1514/95024971-b.html</a>
856 42 - ELECTRONIC LOCATION AND ACCESS
Materials specified Publisher description
Uniform Resource Identifier <a href="http://www.loc.gov/catdir/enhancements/fy1514/95024971-d.html">http://www.loc.gov/catdir/enhancements/fy1514/95024971-d.html</a>
856 41 - ELECTRONIC LOCATION AND ACCESS
Materials specified Table of contents only
Uniform Resource Identifier <a href="http://www.loc.gov/catdir/enhancements/fy1514/95024971-t.html">http://www.loc.gov/catdir/enhancements/fy1514/95024971-t.html</a>
906 ## - LOCAL DATA ELEMENT F, LDF (RLIN)
a 7
b cbc
c orignew
d 1
e ocip
f 19
g y-gencatlg
942 ## - ADDED ENTRY ELEMENTS (KOHA)
Source of classification or shelving scheme
Item type Book
Holdings
Withdrawn status Lost status Source of classification or shelving scheme Damaged status Not for loan Home library Current library Shelving location Date acquired Total Checkouts Full call number Barcode Date last seen Copy number Price effective from Koha item type
          Riara University Library Riara University Library General stack 23/05/2019   HF 5681 .V3P3 1996 7828/16 23/05/2019 C.1 23/05/2019 Book

Riara University Library,
P.O. Box 49940-00100,
Nairobi, Kenya.